| 000 | 00616nam a22001937a 4500 | ||
|---|---|---|---|
| 003 | NUST | ||
| 005 | 20250221163824.0 | ||
| 008 | 171213b xxu||||| |||| 00| 0 eng d | ||
| 040 | _c0 | ||
| 082 | _a200 | ||
| 100 | _4Mahnoor Ibad | ||
| 245 |
_aDomestic Violence and Woman’s Functional Capabilities: Circularity Analysis in Sen’s Development Framework/ _cIbad Mahnoor |
||
| 260 |
_aIslamabad _bS3H-NUST _c2017 |
||
| 300 | _a52p | ||
| 610 |
_xMS- Economics _9127870 |
||
| 700 |
_aSupervisor: Madam Saeeda Batool _9127943 |
||
| 856 | _uhttp://10.250.8.41:8080/xmlui/handle/123456789/3651 | ||
| 942 |
_2ddc _cSC |
||
| 999 |
_c332548 _d332548 |
||